000
00282nam a22001337a 4500
082
_a
894.812.3
_b
RAS/M
100
_a
RASHEED VENNIYUR
245
_a
MANAZHI
246
_a
MANAZHI
_b
MANAZHI
260
_b
MANDHARAM
300
_a
167
650
_a
MALAYALAM STORY,ARTICLES
942
_c
BK
999
_c
9188
_d
9188